LEADER 01012cam2 2200289 450 001 000004777 005 20090202145015.0 010 $a88-86412-89-4 100 $a20030612d2001----km-y0itay50------ba 101 0 $aita 102 $aIT 105 $aa-------001yy 200 1 $aAmbiente Italia 2002$e100 indicatori sullo stato del paese nei dieci anni di globalizzazione da Rio a Johannesburg$fa cura dell'Istituto di ricerche Ambiente Italia 210 $aMilano$cAmbiente$dc2001 215 $a252 p.$cill.$d24 cm 300 $aRapporto annuale di Legambiente. 461 0$1001000013220$12001$aAmbiente Italia 500 10$aAmbiente Italia 2002$938536 610 1 $aEconomia dell'ambiente 610 1 $aAmbiente$aProtezione$aItalia$aValutazione 610 1 $aInquinamento$aControllo$aItalia 710 02$aAmbiente Italia$028261 801 0$aIT$bUNIPARTHENOPE$gRICA$2UNIMARC 912 $a000004777 951 $a724/46.$b10103$cNAVA2$d20030612 996 $aAmbiente Italia 2002$938536 997 $aUNIPARTHENOPE LEADER 00917nam0 2200265 450 001 000019754 005 20081121160312.0 010 $a0-387-94135-5 100 $a20081121d1993----km-y0itay50------ba 101 0 $aeng 102 $aUS 105 $ay-------001yy 200 1 $aMacmath 9.2$ea dynamical systems software package for the Macintosh$fJohn H.Hubbard, Beverly H. West 210 $aNew York [etc.]$cSpringer$d1993 215 $aVII, 162 p.$cill.$d24 cm$e1 floppy disk 500 10$aMacmath 9.2$933893 610 1 $aMacmath 9. 2 676 $a515.350285$v20$9Equazioni differenziali. Elaborazione dei dati Applicazioni dell'elaboratore 700 1$aHubbard,$bJohn H.$021456 701 1$aWest,$bBeverly Henderson$021457 801 0$aIT$bUNIPARTHENOPE$c20081121$gRICA$2UNIMARC 912 $a000019754 951 $aS 005/25$bS 599$cDSA$d2008 996 $aMacmath 9.2$933893 997 $aUNIPARTHENOPE